Life of Jesus research : an annotated bibliography /

Life of Jesus Research offers students and scholars annotated bibliographies for all of the major areas of critical scholarship in the historical Jesus, providing complete bibliographical information, annotations, and brief introductions to the various subjects. The work is an indispensable tool for...

وصف كامل

محفوظ في:

المؤلف الرئيسي: Evans, Craig A.

التنسيق: كتاب الكتروني

اللغة: English

منشور في: Leiden Boston : BRILL, 1989.

سلاسل: New Testament tools and studies, v. 13
New Testament Tools, Studies and Documents; volume13.
New Testament Tools, Studies and Documents Online, ISBN: 9789004411050.

الموضوعات:

الوصول للمادة أونلاين: Login to view Source

الوسوم: إضافة وسم

لا توجد وسوم, كن أول من يضع وسما على هذه التسجيلة!

رقم الطلب: Z8455 .E94 1989 BT301.9

LEADER 02505pam a2200469 a 4500
001 BRILL9789004379831
003 nllekb
005 20210602103857.0
006 m d
007 cr un uuuua
008 890712s1989 ne b 001 0 eng
020 |a 9789004379831  |q (electronic book) 
020 |z 9789004091801  |q (print) 
024 7 |a 10.1163/9789004379831  |2 DOI 
035 |a (OCoLC)1107878431 
040 |a NL-LeKB  |c NL-LeKB  |e rda 
050 0 0 |a Z8455  |b .E94 1989  |a BT301.9 
072 7 |a HRCG  |2 bicssc 
072 7 |a REL  |x 006400  |2 bisacsh 
082 0 0 |a 016.2329/01  |2 20 
100 1 |a Evans, Craig A. 
245 1 0 |a Life of Jesus research :  |b an annotated bibliography /  |c by Craig A. Evans. 
264 1 |a Leiden Boston :  |b BRILL,  |c 1989. 
300 |a 1 online resource. 
336 |a text  |b txt  |2 rdacontent 
337 |a computer  |b c  |2 rdamedia 
338 |a online resource  |2 rdacarrier 
440 0 |a New Testament tools and studies,  |x 0077-8842;  |v v. 13 
490 1 |a New Testament Tools, Studies and Documents;  |v volume13 
490 1 |a New Testament Tools, Studies and Documents Online, ISBN: 9789004411050 
504 |a Includes bibliographical references and index. 
505 0 0 |t Preliminary Material /  |r Craig A. Evans -- Introduction /  |r Craig A. Evans -- Bibliographies and Surveys of Research /  |r Craig A. Evans -- General Discussion /  |r Craig A. Evans -- Special Topics /  |r Craig A. Evans -- Index to Modern Authors /  |r Craig A. Evans -- Index to Ancient Writings /  |r Craig A. Evans -- New Testament Tools and Studies. 
520 |a Life of Jesus Research offers students and scholars annotated bibliographies for all of the major areas of critical scholarship in the historical Jesus, providing complete bibliographical information, annotations, and brief introductions to the various subjects. The work is an indispensable tool for research in this important field of study. 
600 0 0 |a Jesus Christ  |x Biography  |x Bibliography. 
600 0 0 |a Jesus Christ  |x Biography  |x History and criticism. 
776 0 8 |i Print version:  |t Life of Jesus research: an annotated bibliography,  |d Leiden Boston: BRILL, 1989  |w 9789004091801 
830 0 |a New Testament Tools, Studies and Documents;  |v volume13. 
830 0 |a New Testament Tools, Studies and Documents Online, ISBN: 9789004411050. 
856 4 |z DOI:   |u http://dx.doi.org/10.1163/9789004379831 
942 |c EBOOK 
952 |0 0  |1 0  |4 0  |7 1  |9 15536  |a BRILL  |b BRILL  |d 2021-06-02  |l 0  |r 2021-06-02 00:00:00  |w 2021-06-02  |y EBOOK 
999 |c 36983  |d 36983